000 00684nam a22002177a 4500
005 20240530110928.0
008 220214s2008 ua g 000 p ara d
017 _bمصر. دار الكتب
_a2008/5287
020 _a9773514137
040 _aEG-CaGPL
_cEG-CaGPL
082 0 4 _221
_a811.09\
_bم ع
100 0 _aماهر الخير
245 1 0 _aعصافير كوبرى قصر النيل :
_bشعر /
_cماهر الخير
250 _aط. 1
260 _aالقاهرة :
_bدار ميريت،
_c2008
300 _a123 ص. ؛
_c20 سم.
650 0 7 _2qrmak
_aالشعر العربى
651 _2qrmak
942 _2ddc
_cBK
999 _c66607
_d66607